000 00401nam a2200169Ia 4500
008 221030s9999 xx 000 0 und d
020 _a8171411320
041 _aEnglish
082 _a105.23
_bMid
100 _aY. Mido
245 0 _aAtomic Structure
_cby Y. Mido, S. A. Iqbal
260 _bDiscovery Pub
_aIndia
_c1991
300 _a106
650 _aPhysics
700 _aS. A. Iqbal
942 _cBK
999 _c6539
_d6539